00426pam a2200157 a 4500020001500000040000800015082002600023245003700049260004300086300002900129650002700158650001800185650001800203650002700221700002000248 a0849359562 cDLC00a576 CRC 1988 A082 Or.00aParvoviruses and human disease / aBoca Raton, Fla. :bCRC Press,cc1988. a181 p. :bill. ;c26 cm. 0aParvovirus infections. 0aParvoviruses. 2aParvoviridae. 2aParvovirus Infections.1 aPattison, J. R.